4as Jornadas Chilenas de Sismología e Ingeniería Antisísmica

Salvato in:
Dettagli Bibliografici
Enti autori: Asociación Chilena de Sismología e Ingeniería Antisísmica (Autore), Universidad Técnica Federico Santa María (Autore)
Natura: Libro
Lingua:spagnolo
Pubblicazione: Santiago Ministerio de Vivienda y Urbanismo 1986
Soggetti:
Tags: Aggiungi Tag
Nessun Tag, puoi essere il primo ad aggiungerne!!

MARC

LEADER 00000nam a2200000 a 4500
001 UCU4580
003 CL-VaPUC
005 20231110104434.0
008 960524e19860000cl 1 spa d
082 0 4 |a 551.22  |b ASO  |2 21 
110 2 |a Asociación Chilena de Sismología e Ingeniería Antisísmica  |e author  |9 617755 
710 2 |a Universidad Técnica Federico Santa María  |e author  |9 617756 
245 1 0 |a 4as Jornadas Chilenas de Sismología e Ingeniería Antisísmica 
260 |a Santiago  |b Ministerio de Vivienda y Urbanismo  |c 1986 
300 |a 695 p 
583 |a last modification  |c 19960524 00:00:00  |k Rodrigo Vera 
650 0 0 |a Terremotos  |9 267728 
650 0 0 |a Sismología  |9 268106 
650 0 0 |a Catástrofes naturales  |9 268107 
650 0 7 |a ENSAYOS DINAMICOS  |2 CL-VaPUC  |9 361282 
650 0 0 |a Geofísica  |9 261453 
650 0 7 |a INGENIERIA GEOLOGICA  |2 CL-VaPUC  |9 361301 
650 0 0 |a Ingeniería civil  |9 260076 
650 0 0 |a Edificios   |9 260501 
650 0 7 |a TECNOLOGIA DE LA CONSTRUCCION  |2 CL-VaPUC  |9 260196 
650 0 0 |a Estructuras-construcción  |9 262358 
942 |c BK 
945 |a cmena  |d 19960524 00:00:00 
546 |a En Español 
518 |p Jornadas Chilenas de Sismología e Ingeniería Antisísmica, 4, Viña del Mar, 2 al 4 de Abril de 1986 
999 |c 382620  |d 382618 
952 |0 0  |1 0  |4 0  |6 551_220000000000000_ASO_1986  |7 0  |8 A  |9 504411  |a BIBING  |b BIBING  |d 2020-01-23  |i 1666894  |l 1  |o 551.22 ASO 1986  |p 1666894  |r 2025-01-20  |s 2023-04-19  |w 2020-01-23  |y BK  |k CCL